000 00658nam a2200205Ii 4500
003 JO-AjNU
008 230605s9999||||xx |||||||||||||| ||und||
040 _aJO-AjNU
_bara
_erda
_cJO-AjNU
041 _aara
050 1 4 _aPJ7814.M644 1992
100 3 _aالعماري، مفتاح,
_eauthor
_952705
245 0 0 _aكتاب المقامات: شعر
250 _aط1
264 3 1 _aقبرص: دار الملتقى للنشر، 1992
300 _a76ص
336 _atext
_btxt
_2rdacontent
337 _aunmediated
_bn
_2rdamedia
338 _avolume
_bnc
_2rdacarrier
650 4 _aالادب العربي - الشعر العربي - المقامات
_952706
999 _aA23363
_c26931
_d26931